000 00390nam a22001697a 4500
005 20160627171302.0
008 160627b xxu||||| |||| 00| 0 eng d
020 _a81-229-0188-3
041 _aeng
082 _b10683
100 _aKelleghan, Kovin M
_92998
245 _aSuperviosy Skills
260 _bsurjeet Publications
300 _a191
650 _aManagement
_9241
942 _cBK
999 _c4335
_d4334